| 000 | 00662nam a2200193Ia 4500 | ||
|---|---|---|---|
| 008 | 151121s9999||||xx |||||||||||||| ||und|| | ||
| 082 | _aबा।वि। | ||
| 082 | _bHNW-73242 | ||
| 100 | _aदुर्गे वि।गो। | ||
| 245 | _aपारंपारिक लोककथा | ||
| 260 | _b"रेणुका प्रकाशन, अकोला।" | ||
| 260 | _c-- | ||
| 300 | _a48 | ||
| 600 | _aदुर्गे वि।गो। | ||
| 630 | _aपारंपारिक लोककथा | ||
| 700 | _aदुर्गे वि।गो। | ||
| 730 | _aपारंपारिक लोककथा | ||
| 942 | _cBOOK | ||
| 999 |
_c1254700 _d1254697 |
||